मशाल (Record no. 75742)

MARC details
000 -LEADER
fixed length control field 00456nam a2200157Ia 4500
008 - FIXED-LENGTH DATA ELEMENTS--GENERAL INFORMATION
fixed length control field 230917s9999||||xx |||||||||||||| ||und||
020 ## - ISBN
Price RS3.5
040 ## - CATALOGING SOURCE
-- 162264
Original cataloging agency VIVEKANANDA LIBRARY
041 ## - Language
-- English
082 ## - DDC NUMBER
Classification number 891.433721 GB959M
100 ## - MAIN ENTRY--PERSONAL NAME
Personal name गुप्त, भैरव प्रसाद
245 #0 - TITLE STATEMENT
Title मशाल
260 ## - PUBLICATION, DISTRIBUTION, ETC. (IMPRINT)
Place of publication, distribution, etc इलाहाबाद
Name of publisher, distributor, etc नीलाभ प्रकाशन गृह
Date of publication, distribution, etc 1957
300 ## - PHYSICAL DESCRIPTION
Pages 240पृ. p.
942 ## - ADDED ENTRY ELEMENTS (KOHA)
Koha item type Hindi Books
Holdings
Withdrawn status Lost status Damaged status Not for loan Location (home branch) Sublocation or collection (holding branch) Date acquired Koha issues (times borrowed) Koha full call number Accession No. Koha date last seen Koha item type
        VIVEKANANDA LIBRARY VIVEKANANDA LIBRARY 07/10/2010   891.433721 GB959M 15097 17/09/2023 Hindi Books
© Designed and Maintained by Vivekananda Library, MDU Rohtak